LEADER 02559nam 22005051 450 001 9910792734503321 005 20200514202323.0 010 $a1-4725-5381-0 024 7 $a10.5040/9781472553812 035 $a(CKB)3710000001095444 035 $a(MiAaPQ)EBC4427677 035 $a(OCoLC)895073257 035 $a(UtOrBLW)bpp09257097 035 $a(EXLCZ)993710000001095444 100 $a20140929d2013 uy 0 101 0 $aeng 135 $aurcnu|||||||| 181 $2rdacontent 182 $2rdamedia 183 $2rdacarrier 200 10$aSlow growth and the service economy /$fPascal Petit 210 1$aLondon :$cBloomsbury,$d2013. 215 $a1 online resource (252 pages) $cillustrations 225 1 $aBloomsbury Academic collections : economics,$x2051-0012 300 $aReprint. Originally published in 1986 by Frances Pinter (Publishers) Limited. 311 $a1-4725-0635-9 311 $a1-4725-0935-8 320 $aIncludes bibliographical references and index. 327 $a1. Services: Problem or Solution? -- 2. Growth and the Division of Labour by Sector -- 3. Stagnation and De-industrialization: The Developed Countries -- 4. The Demand for Services: The Extension of Foreign Markets -- 5. The Domestic Demand for Services -- 6. Developments in the Production of Services -- Appendices I-IX -- Bibliography -- Index 330 $a"The slow-down in economic growth and the rise in unemployment in the 1970s revived some of the uncertainties experienced by industrialized economies during the inter-war period. After more than a decade of stagnation, the period of sustained growth in the thirty years following the Second World War now seems increasingly to have been an exceptional phase in an overall development process still dominated by wide fluctuations in economic growth rates. Slow Growth and the Service Economy examines what it means to live in a period of economic recession and analyses social patterns in response to the slowing down of financial and economic growth."--Bloomsbury Publishing. 410 0$aBloomsbury Academic collections : economics. 606 $aEconomic development 606 $aService industries 606 $2Business studies: general 615 0$aEconomic development. 615 0$aService industries. 676 $a338.4/7 700 $aPetit$b Pascal$0127696 801 0$bUtOrBLW 801 1$bUtOrBLW 801 2$bUkLoBP 906 $aBOOK 912 $a9910792734503321 996 $aSlow growth and the service economy$92764289 997 $aUNINA LEADER 03253nam 2200577Ia 450 001 9910777684503321 005 20200520144314.0 010 $a94-012-0387-3 010 $a1-4294-8108-0 035 $a(CKB)1000000000475295 035 $a(EBL)556884 035 $a(OCoLC)714568420 035 $a(SSID)ssj0000134792 035 $a(PQKBManifestationID)11954076 035 $a(PQKBTitleCode)TC0000134792 035 $a(PQKBWorkID)10054059 035 $a(PQKB)11650010 035 $a(MiAaPQ)EBC556884 035 $a(Au-PeEL)EBL556884 035 $a(CaPaEBR)ebr10380349 035 $a(NjHacI)991000000000475295 035 $a(EXLCZ)991000000000475295 100 $a19990819d2006 uy 0 101 0 $ager 135 $aur|n|---||||| 181 $ctxt 182 $cc 183 $acr 200 00$aDaphnis$b[electronic resource] $eZeitschrift fur mittlere deutsche Literatur und Kultur der fruhen Neuzeit (1400-1750)$hBand 35, Heft 1-2 /$fherausgegeben von Barbara Becker-Cantarino ...[et. al.] 210 $aAmsterdam $cRodopi$d2006 210 1$aAmsterdam :$cRodopi,$d2006. 215 $a1 online resource (381 p.) 225 1 $aDaphnis ;$v35/1-2 300 $aIncludes index. 311 $a90-420-2138-1 327 $aAntonius von Pforr und die Herren von Scho?nau: Ein neuaufgefundenes Lebenszeugnis zum Verfasser des Buches der Beispiele.; ""Rudimenta Reuchliniana"". Faber Stapulensis auf den Spuren des Hebraisten Johannes Reuchlin.; Akkumulation von Ansehenskapital. Die Gedenkschrift fu?r Johann Valentin Andreae - Edition mit einer Bibliographie der gedruckten werke von Gottlieb Andreae.; ""Fu?rbild aller Tugenden"". Rhetorik und Moral in der barocken Trauerspielpoetik.; Daniel Casper von Lohenstein's Diplomatic Memorial to Emperor Leopold I for the Estates of Legnica, Brzeg, and Wo?o?w. 327 $aVon Alexanders Mord-Banquet bis zur Kindheit Mosis. Eine unbekannte Kollektion von Theaterzetteln der Wanderbu?hne.Der Vormund des Hanswurst. Der Eggenbergische Hofkomo?diant Johann Valentin Petzold und sein Kilian Brustfleck.; Reiseerlebnis und Gesellschaftskritik in Friedrich Nicolais Roman Leben und Meinungen des Herrn Magisters Sebaldus Nothanker.; MISZELLEN; REZENSIONEN; INHALT 330 $aInhalt Michael BAERMANN: Antonius von Pforr und die Herren von Schoenau: Ein neuaufgefundenes Lebenszeugnis zum Verfasser des 'Buches der Beispiele' Ulli ROTH: Rudimenta Reuchliniana. Faber Stapulensis auf den Spuren des Hebraisten Johannes Reuchlin Sabine KOLOCH, unter Mitarbeit von Frank BOEHLING und Hermann EHMER: Akkumulation von Ansehenskapital. Die Gedenkschrift fuer Johann Valentin Andreae - Edition mit einer Bibliographie der gedruckten Werke von Gottlieb Andreae Thomas MARTINEC: Fuerbild aller Tugenden. Rhetorik und Moral in der barocken Trauerspielpoetik Joshua P. WATERMAN: Daniel Ca 410 0$aDaphnis ;$v35/1-2. 606 $aGerman literature$yEarly modern, 1500-1700 607 $aGermany$xHistory 615 0$aGerman literature 676 $a830/.9 702 $aBecker-Cantarino$b Barbara 801 0$bMiAaPQ 801 1$bMiAaPQ 801 2$bMiAaPQ 906 $aBOOK 912 $a9910777684503321 996 $aDaphnis$9892726 997 $aUNINA